[Event "TCh-TUR Super League 2018"]
[Site "Ankara TUR"]
[Date "2018.07.29"]
[Round "6.2.1"]
[White "Kravtsiv, Martyn"]
[Black "Jakovenko, Dmitry"]
[Result "0-1"]
[WhiteTitle "GM"]
[BlackTitle "GM"]
[WhiteElo "2654"]
[BlackElo "2749"]
[WhiteTeam "KARAMAN BELEDIYE SPOR KULUBU"]
[BlackTeam "HATAY BUYUKSEHIR BELEDIYESI GENCLIK SPOR KULUBU"]
[WhiteFideId "14113147"]
[BlackFideId "4122356"]
[EventDate "2018.07.25"]

1. d4 Nf6 2. c4 e6 3. Nc3 Bb4 4. f3 d5 5. a3 Bxc3+ 6. bxc3 c5 7. cxd5 Nxd5 8.
dxc5 Qa5 9. e4 Ne7 10. Be3 O-O 11. Qb3 Qc7 12. Bb5 Nec6 13. Ne2 Na5 14. Qb4 e5
15. Nd4 exd4 16. cxd4 b6 17. Rc1 Bd7 18. d5 Bxb5 19. cxb6 Qd7 20. Qxa5 axb6 21.
Qxb6 Rxa3 22. Rb1 Ra6 23. Qd4 Ra2 24. Bd2 Rc8 25. Kf2 Nc6 26. Qe3 Ne5 27. Rhd1
f5 28. Ra1 Rxa1 29. Rxa1 fxe4 30. Qxe4 Re8 31. Kg1 Bc4 32. Re1 Bxd5 33. Qd4 Bf7
34. Qxd7 Nxd7 35. Rxe8+ Bxe8 36. Kf2 Kf7 37. Bc3 g6 38. Ke3 Nf6 39. Bd4 Nd5+ 40.
Kf2 Ke6 41. Bg7 Nf4 42. Bd4 Kd5 43. Be3 Nd3+ 44. Kg3 Kc4 45. Kg4 Bd7+ 46. Kh4
Kc3 47. h3 Ne1 48. Bf2 Kd2 49. Bxe1+ Kxe1 50. g4 Kf2 51. f4 Kg2 52. Kg5 Kxh3 53.
f5 Be8 0-1

[Event "TCh-TUR Super League 2018"]
[Site "Ankara TUR"]
[Date "2018.07.29"]
[Round "6.2.2"]
[White "Yilmaz, Mustafa"]
[Black "Baryshpolets, Andrey"]
[Result "1-0"]
[WhiteTitle "GM"]
[BlackTitle "GM"]
[WhiteElo "2624"]
[BlackElo "2603"]
[WhiteTeam "HATAY BUYUKSEHIR BELEDIYESI GENCLIK SPOR KULUBU"]
[BlackTeam "KARAMAN BELEDIYE SPOR KULUBU"]
[WhiteFideId "6302718"]
[BlackFideId "14117207"]
[EventDate "2018.07.25"]

1. d4 d5 2. c4 c6 3. Nf3 Nf6 4. e3 e6 5. Bd3 dxc4 6. Bxc4 Nbd7 7. O-O Bd6 8. Nc3
O-O 9. e4 e5 10. Be3 Qe7 11. Bb3 exd4 12. Bxd4 Ne5 13. Nxe5 Bxe5 14. Bxe5 Qxe5
15. f4 Qc5+ 16. Kh1 Be6 17. e5 Rad8 18. Qf3 Bd5 19. Nxd5 Nxd5 20. f5 Qd4 21.
Rae1 Rde8 22. f6 g6 23. Qg3 Re6 24. Qg5 Kh8 25. Rf3 Qb4 26. Re2 Rfe8 27. a3 Qf8
28. Re4 Kg8 29. h4 h6 30. Qg3 Qc5 31. Kh2 Kh8 32. h5 g5 33. Rf5 Qc1 34. Rf2 b5
35. Qd3 Rxe5 36. Rxe5 Rxe5 37. Bc2 Nxf6 38. Rxf6 Kg7 1-0

[Event "TCh-TUR Super League 2018"]
[Site "Ankara TUR"]
[Date "2018.07.29"]
[Round "6.2.3"]
[White "Ertan, Can"]
[Black "Solak, Dragan"]
[Result "0-1"]
[WhiteTitle "FM"]
[BlackTitle "GM"]
[WhiteElo "2379"]
[BlackElo "2603"]
[WhiteTeam "KARAMAN BELEDIYE SPOR KULUBU"]
[BlackTeam "HATAY BUYUKSEHIR BELEDIYESI GENCLIK SPOR KULUBU"]
[WhiteFideId "6306330"]
[BlackFideId "916811"]
[EventDate "2018.07.25"]

1. e4 c6 2. d4 d5 3. e5 Bf5 4. Nf3 e6 5. Be2 Ne7 6. O-O Nd7 7. Re1 Bg6 8. a4 Nf5
9. a5 Be7 10. Nbd2 O-O 11. c4 dxc4 12. Nxc4 Nb8 13. Qb3 Qd7 14. g4 Nh6 15. h3
Na6 16. Bg5 Bxg5 17. Nxg5 Qxd4 18. Rad1 Qf4 19. Qxb7 Qxg5 20. Qxa6 Be4 21. Rd7
f5 22. exf6 Rxf6 23. Rxa7 Raf8 24. Ra8 Rxf2 25. Bf1 Nxg4 26. Rxf8+ Rxf8 27. Rxe4
Ne3+ 28. Rg4 Rxf1+ 0-1

[Event "TCh-TUR Super League 2018"]
[Site "Ankara TUR"]
[Date "2018.07.29"]
[Round "6.2.4"]
[White "Esen, Baris"]
[Black "Tofan, Ibrahim"]
[Result "1-0"]
[WhiteTitle "GM"]
[WhiteElo "2487"]
[BlackElo "2169"]
[WhiteTeam "HATAY BUYUKSEHIR BELEDIYESI GENCLIK SPOR KULUBU"]
[BlackTeam "KARAMAN BELEDIYE SPOR KULUBU"]
[WhiteFideId "6302114"]
[BlackFideId "6301150"]
[EventDate "2018.07.25"]

1. d4 d5 2. c4 c6 3. Nf3 e6 4. e3 f5 5. Be2 Nf6 6. O-O Bd6 7. b3 O-O 8. Ba3 Bxa3
9. Nxa3 Nbd7 10. Nc2 Ne4 11. Nce1 Ndf6 12. Ne5 Bd7 13. N1d3 Be8 14. f3 Nd6 15.
Qc2 Nd7 16. Nxd7 Qxd7 17. c5 Nf7 18. b4 Qe7 19. f4 a6 20. Qc3 Bd7 21. a4 Rfb8
22. Rab1 g6 23. Rb3 Kg7 24. Rfb1 Be8 25. Ne1 b5 26. cxb6 Rxb6 27. Nd3 Nd6 28.
Nc5 Ne4 29. Qb2 Kf7 30. a5 Nxc5 31. bxc5 Rb5 32. Bxb5 cxb5 33. c6 Rc8 34. Rc1
Rc7 35. Rc5 Qh4 36. Qd2 h5 37. Qf2 Qxf2+ 38. Kxf2 Kf6 39. Kg3 Bf7 40. Kh4 Be8
41. h3 Ke7 42. Kg5 Kd6 43. Rb2 Ke7 44. g3 Kd6 45. Kf6 Bf7 46. Rcc2 Be8 47. Rc1
Bf7 48. Kg5 Be8 49. g4 fxg4 50. hxg4 hxg4 51. Kxg4 Bxc6 52. Rbc2 Rc8 53. Kg5 Rc7
54. Kf6 Rc8 55. Kg5 Rc7 56. Kg4 Rc8 57. Kg3 Rc7 58. Kf2 Rc8 59. Ke1 b4 60. Kd2
b3 61. Rc3 b2 62. Rb1 Rh8 63. Rb3 Rh2+ 64. Kc3 Re2 65. Kb4 Bb5 66. R1xb2 Re1 67.
Rg2 Bc4 68. Ra3 Rb1+ 69. Kc3 Rc1+ 70. Kd2 Rf1 71. Rxg6 Rf2+ 72. Kc3 Rf3 73. Kb4
Rf1 74. Rg7 Rf2 75. e4 Rxf4 76. e5+ Kc6 77. Re7 Rxd4 78. Rxe6+ Kd7 79. Rd6+ Ke7
80. Rg3 Re4 81. Rg7+ Kf8 82. Rg5 Ke7 83. Kc5 Kf7 84. Rf6+ Ke7 85. Rg7+ Ke8 86.
Kd6 d4 87. Re7+ 1-0

[Event "TCh-TUR Super League 2018"]
[Site "Ankara TUR"]
[Date "2018.07.29"]
[Round "6.2.5"]
[White "Mammadzada, Gunay"]
[Black "Muzychuk, Mariya"]
[Result "1/2-1/2"]
[WhiteTitle "IM"]
[BlackTitle "GM"]
[WhiteElo "2426"]
[BlackElo "2521"]
[WhiteTeam "KARAMAN BELEDIYE SPOR KULUBU"]
[BlackTeam "HATAY BUYUKSEHIR BELEDIYESI GENCLIK SPOR KULUBU"]
[WhiteFideId "13403729"]
[BlackFideId "14114550"]
[EventDate "2018.07.25"]

1. e4 e5 2. Nf3 Nc6 3. Bb5 a6 4. Ba4 Nf6 5. O-O Nxe4 6. d4 b5 7. Bb3 d5 8. dxe5
Be6 9. Nbd2 Be7 10. c3 Nc5 11. Bc2 d4 12. Nb3 d3 13. Bb1 Nxb3 14. axb3 Bf5 15.
Re1 O-O 16. h3 Qd7 17. b4 Rfd8 18. Bf4 a5 19. bxa5 Rxa5 20. Rxa5 Nxa5 21. e6
Bxe6 22. Ne5 Qd5 23. Qxd3 Qxd3 24. Bxd3 b4 25. Ra1 g5 26. Bg3 Nb3 27. Ra7 Nc5
28. Nc6 Rxd3 29. Nxe7+ Kf8 30. Nc6 Ne4 31. Nxb4 Rd1+ 32. Kh2 Nd2 33. Bxc7 Nf1+
34. Kg1 Nd2+ 35. Kh2 Nf1+ 36. Kg1 Nd2+ 1/2-1/2

[Event "TCh-TUR Super League 2018"]
[Site "Ankara TUR"]
[Date "2018.07.29"]
[Round "6.2.6"]
[White "Alekseenko, Kirill"]
[Black "Ozenir, Ekin Baris"]
[Result "1-0"]
[WhiteTitle "GM"]
[BlackTitle "FM"]
[WhiteElo "2627"]
[BlackElo "2300"]
[WhiteTeam "HATAY BUYUKSEHIR BELEDIYESI GENCLIK SPOR KULUBU"]
[BlackTeam "KARAMAN BELEDIYE SPOR KULUBU"]
[WhiteFideId "4135539"]
[BlackFideId "6357415"]
[EventDate "2018.07.25"]

1. e4 Nc6 2. Nf3 d6 3. d4 Nf6 4. Nc3 g6 5. d5 Nb8 6. Bc4 Bg7 7. h3 O-O 8. O-O
Nbd7 9. Re1 c6 10. a4 Qc7 11. Qe2 a5 12. Bf4 Nb6 13. Bb3 Nh5 14. Bh2 e5 15. dxe6
Bxe6 16. g4 Bxb3 17. cxb3 Nf6 18. Qc2 Rad8 19. Nb5 Qd7 20. Nxd6 Nxg4 21. Bg3 Nf6
22. Kg2 Nh5 23. Bh2 Bh6 24. Rad1 Qe7 25. Qc5 Nf4+ 26. Bxf4 Bxf4 27. e5 Nd5 28.
Ne4 Qe6 29. Qc2 Bh6 30. Kh2 Bf4+ 31. Ng3 h5 32. Qc4 g5 33. Nd4 Qg6 34. Kh1 Rfe8
35. Nf3 Qe6 36. Qf1 Qg6 37. Ne4 Kh8 38. Qg2 Rg8 39. Nd6 g4 40. Nh4 Qe6 41. Nhf5
f6 42. Qe4 fxe5 43. Nxb7 Rdf8 44. Nbd6 Rg5 45. hxg4 hxg4 46. Kg2 Rfxf5 47. Nxf5
Qxf5 48. Qxf5 Rxf5 49. Re4 Rf6 50. Rd3 Re6 51. b4 axb4 52. a5 Re8 53. Rc4 e4 54.
Rdd4 e3 55. Re4 Ra8 56. Rxc6 Rxa5 57. Rg6 exf2 58. Kxf2 Ra2 59. Re2 Be3+ 60. Kg3
Nf4 61. Rh2+ Nh3 62. Rxg4 Kh7 63. Rxh3+ Bh6 64. Rxb4 Ra6 65. Rbh4 Rg6+ 66. Kf3
Kg7 67. Rxh6 Rxh6 68. Rxh6 Kxh6 69. Ke4 Kg6 70. Ke5 1-0

[Event "TCh-TUR Super League 2018"]
[Site "Ankara TUR"]
[Date "2018.07.29"]
[Round "6.3.2"]
[White "Kovalev, Vladislav"]
[Black "Tukhaev, Adam"]
[Result "1/2-1/2"]
[WhiteTitle "GM"]
[BlackTitle "GM"]
[WhiteElo "2655"]
[BlackElo "2542"]
[WhiteTeam "DENIZ SU AQUAMATCH SATRANC GENCLIK VE SPOR KULUBU DERNEGI"]
[BlackTeam "ROTA KOLEJI SPOR KULUBU DERNEGI"]
[WhiteFideId "13504398"]
[BlackFideId "14109476"]
[EventDate "2018.07.25"]

1. e4 d6 2. d4 Nf6 3. Nc3 g6 4. Bg5 Bg7 5. Qd2 h6 6. Bf4 a6 7. Be2 b5 8. Bf3 b4
9. Nd1 c6 10. e5 Nd5 11. Bg3 a5 12. a3 Ba6 13. Ne3 Nxe3 14. Qxe3 O-O 15. Ne2
dxe5 16. Bxe5 e6 17. O-O Qb6 18. axb4 axb4 19. Bxg7 Kxg7 20. Rfe1 Nd7 21. Nf4
Bc4 22. Rad1 Ra2 23. Be4 Nf6 24. b3 Bd5 25. Bd3 g5 26. Ne2 Ng4 27. Qg3 f5 28. f4
Kf7 29. Ra1 Rxa1 30. Rxa1 Nf6 31. Ra6 Qb8 32. Qe3 Rg8 33. Qe5 Nd7 34. Qxb8 Rxb8
35. Ra7 Ke7 36. Kf2 Kd6 37. g3 1/2-1/2

[Event "TCh-TUR Super League 2018"]
[Site "Ankara TUR"]
[Date "2018.07.29"]
[Round "6.3.3"]
[White "Yilmazyerli, Mert"]
[Black "Erdogdu, Mert"]
[Result "1/2-1/2"]
[WhiteTitle "IM"]
[BlackTitle "GM"]
[WhiteElo "2491"]
[BlackElo "2411"]
[WhiteTeam "ROTA KOLEJI SPOR KULUBU DERNEGI"]
[BlackTeam "DENIZ SU AQUAMATCH SATRANC GENCLIK VE SPOR KULUBU DERNEGI"]
[WhiteFideId "6305962"]
[BlackFideId "6301495"]
[EventDate "2018.07.25"]

1. d4 Nf6 2. Nf3 g6 3. c4 Bg7 4. g3 d5 5. cxd5 Nxd5 6. Bg2 Nb6 7. Nc3 Nc6 8. e3
O-O 9. O-O a5 10. d5 Nb4 11. e4 c6 12. a3 Na6 13. Bg5 h6 14. Be3 Nc4 15. Bd4 e5
16. dxe6 Bxe6 17. Bxg7 Kxg7 18. Qc2 Qf6 19. b3 Ne5 20. Nd4 Rad8 21. Nce2 c5 22.
Nxe6+ fxe6 23. Nf4 Rd4 24. Ne2 Rdd8 25. Nf4 Rd4 26. Ne2 Rdd8 1/2-1/2

[Event "TCh-TUR Super League 2018"]
[Site "Ankara TUR"]
[Date "2018.07.29"]
[Round "6.3.5"]
[White "Nechaeva, Marina"]
[Black "Atalik, Ekaterina"]
[Result "0-1"]
[WhiteTitle "IM"]
[BlackTitle "IM"]
[WhiteElo "2410"]
[BlackElo "2461"]
[WhiteTeam "ROTA KOLEJI SPOR KULUBU DERNEGI"]
[BlackTeam "DENIZ SU AQUAMATCH SATRANC GENCLIK VE SPOR KULUBU DERNEGI"]
[WhiteFideId "4149351"]
[BlackFideId "4130189"]
[EventDate "2018.07.25"]

1. d4 Nf6 2. c4 g6 3. Nf3 Bg7 4. g3 d5 5. cxd5 Nxd5 6. Bg2 Nb6 7. Nc3 Nc6 8. e3
O-O 9. O-O Re8 10. d5 Na5 11. Nd4 Bd7 12. e4 c6 13. Bf4 Rc8 14. Rc1 c5 15. Nf3
e5 16. dxe6 Bxe6 17. b3 c4 18. b4 Nc6 19. Bd6 Bg4 20. h3 Bxf3 21. Bxf3 Qf6 22.
Bc5 Red8 23. Nd5 Nxd5 24. exd5 b6 25. Bg4 Rb8 26. b5 Ne5 27. Bb4 Nd3 28. Bc3 Qg5
29. Bxg7 Qxc1 30. Qxc1 Nxc1 31. Be5 Nxa2 32. Ra1 Nb4 33. Bxb8 Rxb8 34. Ra4 Nxd5
35. Rxc4 Nf6 36. Bc8 h5 37. Kg2 Kf8 38. Kf3 Ne8 39. Rc6 Ke7 40. Ke3 Kd8 41. Ba6
Kd7 42. Kd4 Nc7 43. Rf6 Ne6+ 44. Kc3 Ke7 45. Rf3 Nc5 46. h4 Rd8 47. Re3+ Kf8 48.
Kc4 Nxa6 49. bxa6 Rd2 50. Ra3 Rxf2 51. Kb5 Rc2 52. Ra4 Rc5+ 0-1

[Event "TCh-TUR Super League 2018"]
[Site "Ankara TUR"]
[Date "2018.07.29"]
[Round "6.3.7"]
[White "Gunduz, Umut Erdem"]
[Black "Shevchenko, Kirill"]
[Result "0-1"]
[BlackTitle "GM"]
[WhiteElo "2130"]
[BlackElo "2554"]
[WhiteTeam "ROTA KOLEJI SPOR KULUBU DERNEGI"]
[BlackTeam "DENIZ SU AQUAMATCH SATRANC GENCLIK VE SPOR KULUBU DERNEGI"]
[WhiteFideId "6381383"]
[BlackFideId "14129574"]
[EventDate "2018.07.25"]

1. e4 c5 2. Nc3 d6 3. g3 g6 4. Bg2 Bg7 5. d3 Nc6 6. f4 e6 7. Nf3 Nge7 8. O-O O-O
9. Be3 Nd4 10. Rb1 b6 11. Ne2 Nxf3+ 12. Bxf3 Bb7 13. c3 Qc7 14. b4 f5 15. Bg2
Rac8 16. Qd2 Rfd8 17. Rbc1 Qb8 18. a4 Qa8 19. Qa2 Kf7 20. Bh3 c4 21. Nd4 Bxd4
22. Bxd4 cxd3 23. exf5 Nxf5 24. Bf2 h5 25. Rfe1 Be4 26. Qd2 Rc4 27. Bf1 Rdc8 28.
h3 Qc6 29. g4 hxg4 30. hxg4 Rh8 31. Rxe4 Rxe4 32. Bg2 Qc4 33. gxf5 Re2 34. fxg6+
Kg8 35. Qd1 Qxf4 0-1

[Event "TCh-TUR Super League 2018"]
[Site "Ankara TUR"]
[Date "2018.07.29"]
[Round "6.4.1"]
[White "Kitir, Ahmet"]
[Black "Zhigalko, Sergei"]
[Result "0-1"]
[BlackTitle "GM"]
[WhiteElo "2020"]
[BlackElo "2616"]
[WhiteTeam "DARUSSAFAKA SPOR KULUBU"]
[BlackTeam "KAHRAMANMARAS BUYUKSEHIR BELEDIYESI GENCLIK VE SPOR KULUBU DERNEGI"]
[WhiteFideId "6327737"]
[BlackFideId "13502956"]
[EventDate "2018.07.25"]

1. e4 c5 2. Nf3 d6 3. d4 cxd4 4. Qxd4 a6 5. c4 Bg4 6. Be2 Nc6 7. Qd2 g6 8. b3
Bg7 9. Bb2 Bxb2 10. Qxb2 Nf6 11. O-O O-O 12. e5 Bxf3 13. exf6 Bxe2 14. fxe7 Qxe7
15. Re1 Rfe8 16. a3 Qg5 17. h4 Qg4 18. Nd2 Qxh4 19. Qc3 Qd4 20. Rac1 Bd3 0-1

[Event "TCh-TUR Super League 2018"]
[Site "Ankara TUR"]
[Date "2018.07.29"]
[Round "6.4.2"]
[White "Kanmazalp, Ogulcan"]
[Black "Caglar, Ahmet Ata"]
[Result "1-0"]
[WhiteTitle "IM"]
[WhiteElo "2481"]
[BlackElo "2097"]
[WhiteTeam "KAHRAMANMARAS BUYUKSEHIR BELEDIYESI GENCLIK VE SPOR KULUBU DERNEGI"]
[BlackTeam "DARUSSAFAKA SPOR KULUBU"]
[WhiteFideId "6304990"]
[BlackFideId "6328636"]
[EventDate "2018.07.25"]

1. e4 c5 2. Nc3 Nc6 3. Bb5 e6 4. Bxc6 bxc6 5. d3 d6 6. f4 g6 7. Nf3 Bg7 8. O-O
Ne7 9. Qe1 O-O 10. b3 c4 11. dxc4 d5 12. Bb2 Qc7 13. Qe3 dxe4 14. Qxe4 Bb7 15.
Na4 c5 16. Qe3 Nf5 17. Qc1 Nd4 18. Bxd4 cxd4 19. Nb2 Rad8 20. Nd3 f6 21. Qe1 e5
22. fxe5 fxe5 23. Qg3 Rde8 24. Rfe1 Bxf3 25. gxf3 Rf5 26. Re4 Ref8 27. Rf1 Qc6
28. Qh3 h5 29. Qg2 g5 30. h3 Kh7 31. Qe2 Qf6 32. Kg2 Rf7 33. c5 Kg8 34. b4 g4
35. hxg4 Rg5 36. b5 Qg6 37. c6 hxg4 38. fxg4 Rxf1 39. Kxf1 Qf7+ 40. Nf2 Rg6 41.
a4 Rh6 42. Kg2 Rf6 43. Rxe5 Rxf2+ 44. Qxf2 Bxe5 45. Qxf7+ Kxf7 46. a5 Ke7 47. b6 1-0

[Event "TCh-TUR Super League 2018"]
[Site "Ankara TUR"]
[Date "2018.07.29"]
[Round "6.4.3"]
[White "Demirel, Ali Yagmur"]
[Black "Benidze, Davit"]
[Result "0-1"]
[BlackTitle "GM"]
[WhiteElo "1719"]
[BlackElo "2487"]
[WhiteTeam "DARUSSAFAKA SPOR KULUBU"]
[BlackTeam "KAHRAMANMARAS BUYUKSEHIR BELEDIYESI GENCLIK VE SPOR KULUBU DERNEGI"]
[WhiteFideId "6372414"]
[BlackFideId "13603086"]
[EventDate "2018.07.25"]

1. e4 g6 2. d4 Bg7 3. Nc3 d6 4. h3 a6 5. a4 Nf6 6. Nge2 b6 7. g4 Bb7 8. Bg2 O-O
9. O-O e5 10. Be3 Nc6 11. f4 exd4 12. Nxd4 Na5 13. Qd3 c5 14. Nde2 Re8 15. Ng3
d5 16. exd5 Nxg4 17. Bd2 Bd4+ 18. Kh1 Ne3 19. Bf3 Qh4 20. Kh2 Bc8 21. f5 Nxf5
22. Bg4 Re3 0-1

[Event "TCh-TUR Super League 2018"]
[Site "Ankara TUR"]
[Date "2018.07.29"]
[Round "6.4.4"]
[White "Soysal, Serkan"]
[Black "Demirel, Ahmet"]
[Result "1-0"]
[WhiteTitle "IM"]
[WhiteElo "2406"]
[BlackElo "1321"]
[WhiteTeam "KAHRAMANMARAS BUYUKSEHIR BELEDIYESI GENCLIK VE SPOR KULUBU DERNEGI"]
[BlackTeam "DARUSSAFAKA SPOR KULUBU"]
[WhiteFideId "6349250"]
[BlackFideId "6390820"]
[EventDate "2018.07.25"]

1. e4 e5 2. Nf3 Nc6 3. Bc4 Bc5 4. c3 Nf6 5. d3 h6 6. Bb3 d6 7. h3 Qe7 8. Nbd2
Be6 9. Bc2 Bb6 10. Nf1 O-O-O 11. Ng3 g6 12. Qe2 Nd7 13. b4 f5 14. b5 Ncb8 15. a4
a5 16. bxa6 Nxa6 17. a5 Ba7 18. Rb1 f4 19. Nf1 Ndb8 20. d4 c6 21. N1d2 exd4 22.
cxd4 Qc7 23. O-O Qxa5 24. Nc4 Bxc4 25. Qxc4 g5 26. e5 Qd5 27. Bf5+ Kc7 28. Qa4
b5 29. Qc2 dxe5 30. dxe5 Qc5 31. Qb3 Qd5 32. Qc2 Bc5 33. Bd2 Nd7 34. Rfd1 Qc4
35. Qxc4 bxc4 36. h4 Rhf8 37. Be6 gxh4 38. Bxc4 Ra8 39. Ba5+ Bb6 40. Rxd7+ Kxd7
41. Bxb6 Nc7 42. Rd1+ Nd5 43. Bxd5 cxd5 44. Rxd5+ Ke6 45. Rd6+ Kf5 46. Rxh6 Rh8
47. Rf6+ Ke4 48. Bc7 h3 49. Ng5+ Kd5 50. Nxh3 Ra1+ 51. Kh2 Rc1 52. Bd6 Rc4 53.
Rg6 Re4 54. g3 fxg3+ 55. Kxg3 Rc8 56. f4 Rc3+ 57. Kg4 Ree3 58. Ng5 Rg3+ 59. Kf5
Rc1 60. Be7 Rc7 61. Rd6+ Kc4 62. Bf6 Rc5 63. Ne4 1-0

[Event "TCh-TUR Super League 2018"]
[Site "Ankara TUR"]
[Date "2018.07.29"]
[Round "6.4.6"]
[White "Yaran, Siar"]
[Black "Asadli, Vugar"]
[Result "0-1"]
[WhiteTitle "CM"]
[BlackTitle "IM"]
[WhiteElo "2261"]
[BlackElo "2478"]
[WhiteTeam "KAHRAMANMARAS BUYUKSEHIR BELEDIYESI GENCLIK VE SPOR KULUBU DERNEGI"]
[BlackTeam "DARUSSAFAKA SPOR KULUBU"]
[WhiteFideId "6323006"]
[BlackFideId "13405764"]
[EventDate "2018.07.25"]

1. e4 d6 2. d4 g6 3. Nf3 Bg7 4. c3 Nf6 5. Bd3 O-O 6. O-O Nbd7 7. h3 e5 8. dxe5
dxe5 9. Be3 b6 10. Nbd2 Bb7 11. Qe2 a5 12. Rfd1 Qe7 13. Bg5 h6 14. Bxf6 Bxf6 15.
Nf1 Nc5 16. Bc2 Bg7 17. Ng3 h5 18. Qe3 Rad8 19. Rxd8 Rxd8 20. Rd1 Rxd1+ 21. Bxd1
h4 22. b4 axb4 23. cxb4 Ne6 24. Ne2 Qxb4 25. Bb3 Qxe4 26. Bxe6 Qxe3 27. fxe3
fxe6 28. Nxh4 Kf7 29. Nf3 e4 30. Nd2 Bd5 31. Nb3 Ke7 32. Kf2 Kd6 33. Ke1 c5 34.
Kd2 b5 35. h4 e5 36. Nc3 Bc6 37. a3 Bf6 38. g3 Bd8 39. Kc2 b4 40. axb4 cxb4 41.
Na2 Ke6 42. Nxb4 Ba4 43. Kc3 Bb6 44. g4 Bxe3 45. h5 gxh5 46. gxh5 Kf5 47. Nd5
Bg5 48. Nc5 Bc6 49. Kc4 e3 50. Nc3 Bf3 51. Kd3 Bxh5 52. N5e4 Bf4 53. Nd6+ Kg4
54. Ke2 Kg3+ 55. Kf1 Kf3 56. Ne2 Bh2 57. Nc4 Bg4 58. Nd6 Be6 59. Ke1 Kg2 60. Ne4
Bf4 61. Nd6 Bg5 62. Nc3 Bg4 0-1

[Event "TCh-TUR Super League 2018"]
[Site "Ankara TUR"]
[Date "2018.07.29"]
[Round "6.5.1"]
[White "Mamedov, Rauf"]
[Black "Goganov, Aleksey"]
[Result "0-1"]
[WhiteTitle "GM"]
[BlackTitle "GM"]
[WhiteElo "2708"]
[BlackElo "2576"]
[WhiteTeam "BESIKTAS JIMNASTIK KULUBU"]
[BlackTeam "TAS DUVAR SPOR KULUBU DERNEGI"]
[WhiteFideId "13401653"]
[BlackFideId "24109959"]
[EventDate "2018.07.25"]

1. e4 e5 2. Nc3 Nf6 3. g3 d5 4. exd5 Nxd5 5. Bg2 Nf6 6. Nf3 Nc6 7. O-O Bc5 8. d3
O-O 9. Re1 h6 10. Be3 Bd4 11. Qd2 Be6 12. Na4 Bd5 13. c4 Bxf3 14. Bxf3 Qd7 15.
Nc3 Rad8 16. Rad1 Bxc3 17. Qxc3 Rfe8 18. b4 a6 19. b5 axb5 20. cxb5 Nd4 21. Bxd4
exd4 22. Qc4 b6 23. Rxe8+ Rxe8 24. Bc6 Qg4 25. f3 Qg5 26. Qxd4 Re2 27. a4 Qh5
28. h4 Qf5 29. g4 Qe6 30. Qf4 Nh5 31. Qd4 Ng3 32. Qf4 Qb3 33. Qc1 Qxa4 34. d4
Qa2 35. f4 Qb3 36. Re1 Qe6 0-1

[Event "TCh-TUR Super League 2018"]
[Site "Ankara TUR"]
[Date "2018.07.29"]
[Round "6.5.2"]
[White "Triapishko, Alexandr"]
[Black "Safarli, Eltaj"]
[Result "0-1"]
[WhiteTitle "IM"]
[BlackTitle "GM"]
[WhiteElo "2509"]
[BlackElo "2667"]
[WhiteTeam "TAS DUVAR SPOR KULUBU DERNEGI"]
[BlackTeam "BESIKTAS JIMNASTIK KULUBU"]
[WhiteFideId "14122286"]
[BlackFideId "13402129"]
[EventDate "2018.07.25"]

1. e4 e5 2. Nf3 Nc6 3. Nc3 Nf6 4. d4 Bb4 5. Nxe5 Qe7 6. Nxc6 Qxe4+ 7. Qe2 dxc6
8. Bd2 Qxe2+ 9. Bxe2 Bf5 10. O-O-O O-O-O 11. Bg5 Bxc3 12. bxc3 Rde8 13. Bd3 Bxd3
14. cxd3 Nd5 15. Kd2 Re6 16. c4 Rg6 17. Bh4 Nb6 18. Bg3 h5 19. Rhe1 h4 20. Bf4
Rxg2 21. Re7 Nd7 22. Rxf7 Rxf2+ 23. Ke3 Rxa2 24. Rxg7 a5 25. Re7 a4 26. Rb1 a3
27. Rb4 Ra1 28. Ke2 b5 29. cxb5 cxb5 30. Rxb5 Rf8 31. Bh6 Rg8 32. Bf4 h3 33. Bg3
a2 34. Ra5 Rxg3 35. hxg3 h2 0-1

[Event "TCh-TUR Super League 2018"]
[Site "Ankara TUR"]
[Date "2018.07.29"]
[Round "6.5.3"]
[White "Sanal, Vahap"]
[Black "Selbes, Tarik"]
[Result "1-0"]
[WhiteTitle "GM"]
[BlackTitle "FM"]
[WhiteElo "2515"]
[BlackElo "2330"]
[WhiteTeam "BESIKTAS JIMNASTIK KULUBU"]
[BlackTeam "TAS DUVAR SPOR KULUBU DERNEGI"]
[WhiteFideId "6300545"]
[BlackFideId "6302513"]
[EventDate "2018.07.25"]

1. e4 e5 2. Nf3 Nc6 3. Bb5 a6 4. Ba4 Nf6 5. O-O Be7 6. Re1 b5 7. Bb3 d6 8. c3
O-O 9. h3 Bb7 10. d4 Re8 11. Nbd2 Bf8 12. a3 h6 13. Bc2 g6 14. b3 Bg7 15. Bb2
Nb8 16. a4 Nbd7 17. Bd3 c6 18. Qc2 Nh5 19. Bf1 Nf4 20. b4 Qc7 21. Nb3 Nb6 22.
axb5 cxb5 23. g3 Ne6 24. d5 Nd4 25. Nbxd4 exd4 26. c4 Nxc4 27. Bxd4 Bxd4 28.
Nxd4 Qb6 29. Qc3 Rac8 30. Rad1 Re7 31. Bg2 Rec7 32. Kh2 Ne5 33. Qd2 Rc3 34. Nc6
R8xc6 35. dxc6 Rxc6 36. Re2 h5 37. Qd4 h4 38. Qxb6 hxg3+ 39. Kxg3 Rxb6 40. Red2
Nc4 41. Rd4 Kf8 42. Bf1 d5 43. Bxc4 dxc4 44. Rd8+ Ke7 45. Rb8 g5 46. f3 Ke6 47.
Kf2 Ke7 48. Ke1 f5 49. exf5 c3 50. Rc1 Kf6 51. Rxc3 Kxf5 52. Rc5+ Kg6 53. Kf2 1-0

[Event "TCh-TUR Super League 2018"]
[Site "Ankara TUR"]
[Date "2018.07.29"]
[Round "6.5.6"]
[White "Samani, Yamac"]
[Black "Gledura, Benjamin"]
[Result "0-1"]
[WhiteTitle "FM"]
[BlackTitle "GM"]
[WhiteElo "2227"]
[BlackElo "2626"]
[WhiteTeam "TAS DUVAR SPOR KULUBU DERNEGI"]
[BlackTeam "BESIKTAS JIMNASTIK KULUBU"]
[WhiteFideId "6352634"]
[BlackFideId "712779"]
[EventDate "2018.07.25"]

1. e4 e5 2. Nf3 Nc6 3. Nc3 Nf6 4. d4 exd4 5. Nxd4 Bb4 6. Nxc6 bxc6 7. Bd3 O-O 8.
O-O Re8 9. Re1 d6 10. Bg5 Rb8 11. a3 Bc5 12. Na4 h6 13. Bxf6 Bxf2+ 14. Kxf2
Qxf6+ 15. Kg3 Qe5+ 16. Kf3 h5 17. h3 Re6 18. Ke2 Rg6 19. Kd2 Qf4+ 20. Kc3 Rxg2
21. Re2 Qe5+ 22. Kd2 Qg5+ 23. Kc3 Rxe2 24. Qxe2 Qa5+ 25. b4 Qe5+ 0-1